000 01250cam a2200205 4500500
005 20251214003829.0
041 _afre
042 _adc
100 1 0 _aBozonnet, Grégory
_eauthor
700 1 0 _aDacos, Antonin
_eauthor
700 1 0 _aDross, Héloïse
_eauthor
700 1 0 _aElia, Antonin
_eauthor
700 1 0 _aFer, Hugo
_eauthor
700 1 0 _aFer, Héloïse
_eauthor
700 1 0 _aKeltz, Charlotte
_eauthor
245 0 0 _aDestination Sciences Po. Questions contemporaines 2025 - Concours commun IEP : Le Corps. Les solidarités
260 _bArmand Colin,
_c2024.
520 _aLe manuel de référenceLa méthodologie détaillée de la dissertationLe cours complet sur les deux thèmesUne approche multidisciplinaire: histoire, sociologie, droit, relations internationales, sciences politiques, sciences humaines…4 sujets corrigés100 auteurs clés et 20 citations20 exemples de dissertationsPréparez-vous à l’épreuve de questions contemporainesIEP d’Aix-en-ProvenceIEP de LilleIEP de LyonIEP de RennesIEP de Saint-Germain-en-LayeIEP de StrasbourgIEP de Toulouse
856 4 1 _uhttps://shs.cairn.info/destination-sciences-po-questions-contemporaines-2025-concours-commun-iep--9782200638771?lang=fr&redirect-ssocas=7080
999 _c1568001
_d1568001